| 000 | 00673nam a2200193 i 4500 | ||
|---|---|---|---|
| 001 | 65403 | ||
| 003 | ES-MaACL | ||
| 005 | 20230906165349.0 | ||
| 007 | t| | ||
| 008 | 040112s1942 sp ||||1| spa d | ||
| 100 | 1 |
_aFranchi, Anna. _952166 |
|
| 245 | 1 | 0 |
_aCatalina de Médicis _b: Reina de Francia : (la Historia) / _cAnna Franchi ; versión española de María Ortíz Eulate. |
| 250 | _a2ª ed. rev., corr. y aum. | ||
| 260 |
_aBarcelona : _bJuventud, _c[1942] ( _fClarasó) |
||
| 300 |
_a299 p. ; _c23 cm. |
||
| 600 | 0 | 4 |
_aCatalina _cReina consorte de Enrique II, Rey de Francia. _937039 |
| 700 | 1 |
_aOrtiz Eulate, María. _987614 |
|
| 852 |
_aES-MaACL _jB-9825 _bR.19514 |
||
| 999 |
_c65403 _d65403 |
||